• 首页
  • 本馆介绍
  • 公告通知
  • 最新文献
  • 馆藏检索
  • 电子资源
  • 读者导购
  • 参考咨询
  • 我的图书馆
  • 登录
  • 详细信息显示
  • 放入我的书架
  • 预约/预借图书
  • 作者相关作品
  • 分类相关作品
  • 丛书相关作品
  • 出版社相关作品

书目信息

  • 表格格式
  • 工作单格式
  • 卡片格式
题名:
靠创意实现财富自由
    
 
作者: 刘瑶 编著
分册:  
出版信息: 北京   煤炭工业出版社  2018
页数: 232页
开本: 22cm
丛书名:
单 册:
中图分类: B804.4
科图分类:
主题词: 创造性思维--chuang zao xing si wei--通俗读物
电子资源:
ISBN: 978-7-5020-6553-9
000 00928nam0 2200253 450
001 012001007805
005 20131021142429.0
010    @a978-7-5020-6553-9@b精装@dCNY49.80
099    @aCAL 012018127170
100    @a20180904d2018 em y0chiy50 ea
101 0  @achi
102    @aCN@b110000
105    @ay z 000yy
106    @ar
200 1  @a靠创意实现财富自由@Akao chuang yi shi xian cai fu zi you@f刘瑶编著
210    @a北京@c煤炭工业出版社@d2018
215    @a232页@d22cm
300    @a让你受益一生的成功必读指导 成功励志珍藏版
330    @a本书通过大量事例, 展示了靠创意赚钱的每一个步骤, 告诉你这样做的好处, 同样也会告诉你如何去做, 是你实现财富自由路上的好帮手。内容包括: 最大的金矿是自己 ; 他人的经验可以创造自己的财富等。
606 0  @a创造性思维@Achuang zao xing si wei@j通俗读物
690    @aB804.4@v5
701  0 @a刘瑶@Aliu yao@4编著
801  0 @aCN@b上海新华@c20191020
905    @b1180267-71@dB804.4@e139@f5
    
    靠创意实现财富自由/刘瑶编著.-北京:煤炭工业出版社,2018
    232页;22cm
    让你受益一生的成功必读指导 成功励志珍藏版
    
    ISBN 978-7-5020-6553-9(精装):CNY49.80
    本书通过大量事例, 展示了靠创意赚钱的每一个步骤, 告诉你这样做的好处, 同样也会告诉你如何去做, 是你实现财富自由路上的好帮手。内容包括: 最大的金矿是自己 ; 他人的经验可以创造自己的财富等。
●
相关链接 在E读中查询图书 在五车中查询图书 在当当中查询图书 在豆瓣中查询图书


正题名:靠创意实现财富自由     索取号:B804.4/139         预约/预借

序号 登录号 条形码 馆藏地/架位号 状态 备注
1 1180267   211802673   第一样本阅览室/ [索取号:B804.4/139] 在馆    
2 1180268   211802682   第一借阅区/ [索取号:B804.4/139] 在馆    
3 1180269   211802691   第一借阅区/ [索取号:B804.4/139] 在馆    
4 1180270   211802708   第一借阅区/ [索取号:B804.4/139] 在馆    
5 1180271   211802717   第一借阅区/ [索取号:B804.4/139] 在馆    
唐山师范学院图书馆 欢迎您!
大连网信软件有限公司© 版权所有